Implementácia ESG aktivít v chemickom priemysle s dôrazom na environmentálny pilier

Saved in:
Bibliographic Details
Main Author: Androvičová, Sandra (Author)
Other Authors: Popovičová, Alena (Thesis advisor)
Format: Manuscript Book
Language:Slovak
Published: 2025
Subjects:
Online Access:http://is.stuba.sk/zp/portal_zp.pl?podrobnosti=183444
Tags: Add Tag
No Tags, Be the first to tag this record!

MARC

LEADER 00000ntm a22000003a 4500
001 stuzp104903
003 SK-STU
005 20250607210922.7
007 ta
008 150427s2015----xo-----f-mn---000-0-slo-d
040 |a STU  |b slo 
041 0 |a slo 
100 1 |a Androvičová, Sandra  |u 046290  |4 aut  |U FCHPT Ústav chemického a environmentálneho inžinierstva  |T FCHPT Oddelenie environmentálneho inžinierstva  |X 104793  |U C6290  |Y 120  |7 104793 
242 0 1 |a Implementation of ESG activities in the chemical industry with a focus on the environmental pillar  |y eng 
245 1 0 |a Implementácia ESG aktivít v chemickom priemysle s dôrazom na environmentálny pilier 
260 |c 2025 
650 4 |a MERO  |2 eng 
650 4 |a greenhouse gas emissions  |2 eng 
650 4 |a ESG  |2 eng 
650 4 |a chemical industry  |2 eng 
650 4 |a chemický priemysel  |2 slo 
650 4 |a emisie skleníkových plynov  |2 slo 
650 4 |a ESG  |2 slo 
650 4 |a MERO  |2 slo 
700 1 |a Popovičová, Alena  |u 046290  |k Z8  |4 ths  |U FCHPT Ústav chemického a environmentálneho inžinierstva  |T FCHPT Oddelenie environmentálneho inžinierstva  |X 67833  |U C6290  |Y 120  |7 67833 
856 4 |u http://is.stuba.sk/zp/portal_zp.pl?podrobnosti=183444